000 00636nam a2200181 a 4500
001 000024954
005 20200930023454.0
008 110208s1960 ck abc r 001 0 spa d
040 _aDO-SdBNP
_bspa
_cBNPHU
082 _axxxxx
_bN964t
245 0 3 _aEl nuevo testamento de nuestro señor jesucristo.
260 _aBogotá :
_bSociedades Bíblicas en América Latina,
_c1960.
300 _a253 p. :
_bil., mapas., retrs. ;
_c28 cm.
500 _aIncluye índice de ilustraciones.
500 _aEn la portada: versión Rina-Valera revisada con ilustraciones.
710 1 _aSociedades Bíblicas en América Latina
_951216
049 _aBNGR
999 _c24447
_d24447